|
|
|
|
| LEADER |
01205nam a2200289 a 4500 |
| 001 |
14905742 |
| 008 |
110503s2010 nyu b 001 0 eng d |
| 010 |
|
|
|a 2007026814
|
| 020 |
|
|
|a 9788130912950
|
| 020 |
|
|
|a 9780791095935 (acid-free paper)
|
| 020 |
|
|
|a 0791095932 (acid-free paper)
|
| 040 |
|
|
|a DLC
|c DLC
|d DLC
|d BD-DhAAL.
|
| 082 |
0 |
0 |
|a 822.3/3
|2 22
|
| 245 |
0 |
0 |
|a Julius Caesar /
|c edited and with an introduction by Harold Bloom ; volume editor, Pamela Loos.
|
| 260 |
|
|
|a New York :
|b Facts on file, Inc. ;
|a New Delhi :
|b Viva books,
|c 2010.
|
| 300 |
|
|
|a xii, 314 p. ;
|c 25 cm.
|
| 490 |
0 |
|
|a Harold Bloom's Shakespeare through the ages
|
| 500 |
|
|
|a Set of 15 volumes.
|
| 504 |
|
|
|a Includes bibliographical references (p. 301-303) and index.
|
| 541 |
|
|
|e 00022417
|
| 600 |
1 |
0 |
|a Shakespeare, William
|d 1564-1616
|t Julius Caesar.
|
| 600 |
1 |
0 |
|a Caesar, Julius
|x In literature.
|
| 700 |
1 |
|
|a Bloom, Harold.
|
| 700 |
1 |
|
|a Loos, Pamela.
|
| 852 |
4 |
|
|a Ayesha Abed Library
|j General shelf
|
| 999 |
|
|
|c 10784
|d 10784
|
| 952 |
|
|
|0 0
|1 0
|2 ddc
|4 0
|6 822_330000000000000_JUL
|7 0
|9 16250
|a BRACUL
|b BRACUL
|c GEN
|d 2011-05-03
|e Friends book corner
|g 666.00
|l 10
|m 130
|o 822.33 JUL
|p 3010022417
|r 2025-06-23
|s 2025-03-11
|t 1
|w 2011-05-03
|y BK
|